| 000 | 00367nam a22001457a 4500 | ||
|---|---|---|---|
| 003 | OSt | ||
| 005 | 20160727222406.0 | ||
| 008 | 160624b xxu||||| |||| 00| 0 eng d | ||
| 040 | _cTEST | ||
| 100 |
_9852 _aReader's Digest |
||
| 245 | _aGreat Mysteries of the Past | ||
| 260 |
_aNEW YORK _bREADER'S DIGEST _c1991 |
||
| 300 | _aGreat Mysteries of the Past | ||
| 942 |
_2ddc _cBK |
||
| 999 |
_c676 _d676 |
||